A guide for the practical gauger : with a compendium of decimal arithmetick. Shewing briefly I. Many plain and easie ways how to gauge brewers tuns, coppers, backs, &c. also the mash-tun, either in whole, or gradually from inch to inch, with divers new tables for facilitating the work. II. The gauging of any wine, brandy, ale or oyl-cask, either in whole, or in part, with the construction and use of two tables of area's of circles, and Sybant Hantz his table of area's of segments of a circle. III. The mensuration of all manner of superficies, as board, glass, pavement, wainscot, tiling, floors, roofs, &c. also brick-work, timber and stone. Added as an appendix to the former work. Collected and published principally for the service of the farmers of his Majesties revenue of excise. By William Hunt, student in the mathematicks.

Bibliographic Details
Main Author: Hunt, William, gauger
Other Authors: Hantz, Sybant
Format: eBook
Language:English
Published: London : printed by John Darby, for Nath. Ponder, at the sign of the Peacock in Chancery-Lane, 1673.
Series:Early English books online.
Subjects:
Online Access:Connect to the full text of this electronic book

MARC

Tag First Indicator Second Indicator Subfields
LEADER 00000nam a2200000Ia 4500
001 in00004315821
005 20200812085348.0
006 m g d
007 cr bn |||a|bb|
008 930217s1673 enk o 00| | eng d
035 |a (UnM)99897541 
037 |a CL0037000105  |b ProQuest Information and Learning. 300 N. Zeeb Rd., Ann Arbor, MI 48106 
040 |a Cu-RivES  |c Cu-RivES  |d CStRLIN  |d Cu-RivES  |e dcrb  |d WaOLN 
100 1 |a Hunt, William,  |c gauger. 
245 1 2 |a A guide for the practical gauger :  |b with a compendium of decimal arithmetick. Shewing briefly I. Many plain and easie ways how to gauge brewers tuns, coppers, backs, &c. also the mash-tun, either in whole, or gradually from inch to inch, with divers new tables for facilitating the work. II. The gauging of any wine, brandy, ale or oyl-cask, either in whole, or in part, with the construction and use of two tables of area's of circles, and Sybant Hantz his table of area's of segments of a circle. III. The mensuration of all manner of superficies, as board, glass, pavement, wainscot, tiling, floors, roofs, &c. also brick-work, timber and stone. Added as an appendix to the former work. Collected and published principally for the service of the farmers of his Majesties revenue of excise. By William Hunt, student in the mathematicks. 
246 2 |a Appendix to the guide for the practical gauger 
246 2 |a Table of logarithm numbers 
246 2 |a Tables for the speedy gauging of brewers tuns and casks 
260 |a London :  |b printed by John Darby, for Nath. Ponder, at the sign of the Peacock in Chancery-Lane,  |c 1673. 
300 |a 1 online resource ([24], 358, [2]; [2], 29, [1]; [64] pages :  |b illustrations (woodcuts) 
336 |a text  |b txt  |2 rdacontent 
337 |a computer  |b c  |2 rdamedia 
338 |a online resource  |b cr  |2 rdacarrier 
500 |a "Tables for the speedy gauging of brewers tuns and casks" has separate dated title page; pagination and register are continuous. "An appendix to the Guide for the practical gauger" and "A table of logarithm numbers" each have separate dated title page, pagination, and register. 
500 |a DFo copy, reel 2516 has Sig. 2A2 and 2A1 misbound after signature a1, in that order; Sig. 2A4 and 2A3 misbound after signature a3, in that order; Pt. 4 bound before Pt.3. 
500 |a Reproduction of original in the Folger Shakespeare Library. 
510 4 |a Wing (CD-ROM, 1996)  |c H3763A 
533 |a Electronic reproduction.  |b Ann Arbor, Mich. :  |c UMI,  |d 1999-  |f (Early English books online)  |n Digital version of: (Early English books, 1641-1700 ; 2516:6)  |7 s1999 miun s 
650 0 |a Mensuration  |v Early works to 1800. 
700 1 |a Hantz, Sybant. 
830 0 |a Early English books online. 
856 4 0 |u http://proxy.library.tamu.edu/login?url=https://search.proquest.com/docview/2240937813  |z Connect to the full text of this electronic book  |t 0 
999 f f |s 232496df-f6b7-335b-9ba6-2efe99850466  |i 696d5081-451a-3b2b-9400-38879227b307  |t 0 
952 f f |a Texas A&M University  |b College Station  |c Electronic Resources  |d Available Online  |t 0  |h No information provided 
998 f f |t 0  |l Available Online